Statistiques concernant Drapeaux des républiques et districts de Russie

Cliquez ici pour prendre le quiz!

Statistiques générales

  • Ce quiz a été pris 132 fois
  • Le résultat moyen est 8 sur 26

Statistiques - réponses

Réponse% Correct
Tchétchénie
74%
Daghestan
61%
Ingouchie
59%
Crimée
51%
Ossétie du Nord
49%
Tatarstan
43%
République de Carélie
38%
Sakha
34%
Touva
34%
République de l'Altaï
33%
Kabardino-Balkarie
31%
République des Maris
31%
Mordovie
28%
Oudmourtie
28%
Adyguée
26%
Bachkirie
26%
Bouriatie
26%
Kalmoukie
26%
Karatchaïévo-Tcherkessie
26%
Tchouvachie
25%
République des Komis
23%
Khakassie
18%
Nénétsie
18%
Tchoukotka
18%
Khantys-Mansis
13%
Iamalie
10%

Distribution des résultats

Percentile par nombre de réponses

% des personnes avec chaque résultat

Votre développement - résultats

Vous n’avez pas pris ce quiz